| 000 | 00708nam a22001577a 4500 | ||
|---|---|---|---|
| 003 | OSt | ||
| 005 | 20151024161530.0 | ||
| 008 | 151024b xxu||||| |||| 00| 0 eng d | ||
| 040 | _cRUA | ||
| 082 | _aAVM CHA 2013 B106 Or.1 | ||
| 100 |
_92828 _aCHAN, SOBIN. |
||
| 245 | _athe survey on chicken infectious diseases at porsenchey district, phnom penh (ការអង្កេតជំងឺឆ្លងដែលជូប្រទះលើមាន់ចិញ្ចឹមជាលក្ខណៈគ្រួសារ នៅខណ្ឌពោធិ៍សែនជ័យ រាជធានីភំ្នពេញ) | ||
| 260 |
_aPhnom Penh _bRUA _c2013 |
||
| 300 |
_aviiii, 52p. _bill. _c29cm. |
||
| 942 |
_2ddc _cAVM |
||
| 999 |
_c2647 _d2647 |
||